000 00485nam a2200157 i 4500
001 65790
003 ES-MaACL
005 20230906165454.0
007 t|
008 040121s1972 sp ||||1| spa d
100 1 _aFuentes, María de los Reyes.
_952905
245 1 0 _aMisión de la palabra
_b: (antología de 1955 a 1970) /
_cMaría de los Reyes Fuentes.
260 _aSevilla :
_bUniversidad de Sevilla,
_c1972.
300 _a139 p. ;
_c19 cm.
852 _aES-MaACL
_jC-53207
_bR.84677
999 _c65790
_d65790